[Event "North American Open"]
[Site "Las Vegas"]
[Date "2007.12.26"]
[Round "1"]
[White "Shabalov, Alexander"]
[Black "Shankland, Samuel"]
[Result "1-0"]
[WhiteElo "2689"]
[BlackElo "2262"]
[PlyCount "71"]
[EventDate "2007.12.??"]
[Source "MonRoi"]

1. e4 c5 2. Nf3 d6 3. d4 cxd4 4. Nxd4 Nf6 5. Nc3 Nc6 6. Bg5 e6 7. Qd2 Be7 8.
O-O-O Nxd4 9. Qxd4 O-O 10. f3 Qa5 11. h4 Bd7 12. Kb1 Rfc8 13. Qd2 Kh8 14. Qe1
Bc6 15. g4 a6 16. Bd2 Qc7 17. h5 b5 18. Rc1 Nd7 19. g5 Ne5 20. Rh3 Bb7 21. b3
Nd7 22. Nd1 d5 23. exd5 Bxd5 24. Ne3 Ba3 25. Rd1 Qe5 26. c3 Bxf3 27. Rxf3 Qe4+
28. Nc2 Qxf3 29. Nxa3 Qxh5 30. Bg2 Ra7 31. Nc2 Nc5 32. Be3 Rac7 33. Rd4 Qg6 34.
Qd2 Re8 35. Rd8 f5 36. Qd6 1-0

[Event "North American Open"]
[Site "Las Vegas"]
[Date "2007.12.26"]
[Round "1"]
[White "Collyer, Curt"]
[Black "Becerra, Julio"]
[Result "0-1"]
[WhiteElo "2258"]
[BlackElo "2633"]
[PlyCount "112"]
[EventDate "2007.12.??"]
[Source "MonRoi"]

1. d4 Nf6 2. c4 g6 3. Nc3 Bg7 4. e4 d6 5. f3 O-O 6. Nge2 c5 7. d5 e6 8. Bg5
exd5 9. cxd5 h6 10. Be3 Re8 11. Qd2 h5 12. Bg5 a6 13. a4 Nbd7 14. Nc1 Rb8 15.
Be2 Qc7 16. O-O c4 17. Be3 Nc5 18. a5 Bd7 19. Kh1 Bb5 20. Ra3 Rbc8 21. Re1 Qe7
22. Bf1 Nh7 23. b3 cxb3 24. Nxb5 axb5 25. Nxb3 b4 26. Qxb4 Nd3 27. Bxd3 Bc3 28.
Qb6 Bxe1 29. Bb5 Red8 30. a6 bxa6 31. Bxa6 Rb8 32. Qc6 Qh4 33. Qc1 Bg3 34. Bg1
Rb4 35. Na5 Bf4 36. Qd1 Ra8 37. Bd3 Nf8 38. Ra1 Be5 39. Ra2 Nd7 40. Qe2 Nc5 41.
Bc2 Nb7 42. Nc6 Rxa2 43. Nxb4 Ra1 44. Bd1 Nc5 45. Nc2 Ra2 46. Qf1 Rb2 47. Ne3
Rb1 48. Qe2 Ra1 49. Nf1 Qf6 50. Ne3 Bf4 51. Nc2 Rb1 52. Bd4 Qh4 53. Bg1 Na4 54.
g3 Bxg3 55. Ne3 Nc3 56. Qc2 Be5 0-1

[Event "North American Open"]
[Site "Las Vegas"]
[Date "2007.12.26"]
[Round "1"]
[White "Khachiyan, Melikset"]
[Black "Rubsamen, Cornelius"]
[Result "1/2-1/2"]
[WhiteElo "2594"]
[BlackElo "2257"]
[PlyCount "41"]
[EventDate "2007.12.??"]
[Source "MonRoi"]

1. e4 e6 2. d4 d5 3. Nc3 Bb4 4. e5 c5 5. a3 Bxc3+ 6. bxc3 Ne7 7. Qg4 Qc7 8.
Qxg7 Rg8 9. Qxh7 cxd4 10. Ne2 Nbc6 11. f4 Bd7 12. Qd3 dxc3 13. Nxc3 Nf5 14. Rb1
Ncd4 15. g3 Rc8 16. Bd2 b5 17. Bh3 a6 18. Kd1 Rh8 19. Bg2 Qc5 20. h3 a5 21. g4
1/2-1/2

[Event "North American Open"]
[Site "Las Vegas"]
[Date "2007.12.27"]
[Round "2"]
[White "Adamson, Robby"]
[Black "Shabalov, Alexander"]
[Result "0-1"]
[WhiteElo "2365"]
[BlackElo "2689"]
[PlyCount "60"]
[EventDate "2007.12.??"]
[Source "MonRoi"]

1. e4 c5 2. Nf3 d6 3. d4 cxd4 4. Nxd4 Nf6 5. Nc3 Bd7 6. Bg5 Nc6 7. Be2 e6 8.
Bxf6 gxf6 9. Qd2 a6 10. O-O h5 11. Nb3 Qc7 12. f4 O-O-O 13. Kh1 Kb8 14. a4 Be8
15. a5 h4 16. Bf3 Bh6 17. Ne2 Ne7 18. Qb4 f5 19. c4 h3 20. g3 fxe4 21. Bxe4 Bc6
22. Bf3 Bg7 23. Nd2 d5 24. cxd5 Rxd5 25. Ne4 Rhd8 26. N2c3 Rd3 27. Ng5 Bxc3 28.
bxc3 Bxf3+ 29. Nxf3 Rxf3 30. Rxf3 Qc6 0-1

[Event "North American Open"]
[Site "Las Vegas"]
[Date "2007.12.27"]
[Round "2"]
[White "Beelby, Matthew"]
[Black "Akobian, Varuzhan"]
[Result "1/2-1/2"]
[WhiteElo "2324"]
[BlackElo "2665"]
[PlyCount "81"]
[EventDate "2007.12.??"]
[Source "MonRoi"]

1. c4 e6 2. Nf3 d5 3. d4 Nf6 4. g3 c5 5. cxd5 exd5 6. Bg2 Nc6 7. O-O Be7 8. Nc3
O-O 9. Bg5 c4 10. Ne5 Be6 11. b3 Qa5 12. Nxc6 bxc6 13. Qc2 Rac8 14. Na4 h6 15.
Bd2 Qa6 16. bxc4 dxc4 17. e4 Rfd8 18. Bc3 Nd7 19. Rae1 Nb6 20. Nxb6 axb6 21. f4
f6 22. e5 f5 23. g4 g6 24. gxf5 gxf5 25. Rd1 b5 26. Kh1 Kh7 27. Rg1 Rg8 28. d5
cxd5 29. Bh3 d4 30. Bxd4 Bd5+ 31. Bg2 Rxg2 32. Rxg2 Be4 33. Rdg1 Bxc2 34. Rg7+
Kh8 35. e6 Be4+ 36. R1g2 Bxg2+ 37. Rxg2+ Kh7 38. Rg7+ Kh8 39. Rg6+ Kh7 40. Rg7+
Kh8 41. Rg6+ 1/2-1/2

[Event "North American Open"]
[Site "Las Vegas"]
[Date "2007.12.27"]
[Round "2"]
[White "Becerra, Julio"]
[Black "Tan, Oscar"]
[Result "1-0"]
[WhiteElo "2633"]
[BlackElo "2285"]
[PlyCount "61"]
[EventDate "2007.12.??"]
[Source "MonRoi"]

1. e4 e5 2. Nf3 Nf6 3. d4 Nxe4 4. Bd3 d5 5. Nxe5 Nd7 6. Nxd7 Bxd7 7. O-O Qh4 8.
c4 c6 9. Nc3 Nxc3 10. bxc3 Bd6 11. g3 Qf6 12. Re1+ Kf8 13. cxd5 g5 14. dxc6
bxc6 15. Qh5 h6 16. Rb1 Kg7 17. c4 Rhe8 18. Be3 Rab8 19. c5 Bc7 20. Rxb8 Rxb8
21. Be4 Rb2 22. d5 cxd5 23. Bxd5 Be5 24. h4 Bc3 25. Rc1 Be8 26. hxg5 hxg5 27.
Rxc3 Qxc3 28. Qxg5+ Kf8 29. Qh6+ Kg8 30. Qg6+ Kh8 31. Qe4 1-0

[Event "North American Open"]
[Site "Las Vegas"]
[Date "2007.12.27"]
[Round "2"]
[White "Mitkov, Nikola"]
[Black "Nguyen, Duong"]
[Result "1-0"]
[WhiteElo "2590"]
[BlackElo "2200"]
[PlyCount "80"]
[EventDate "2007.12.??"]
[Source "MonRoi"]

1. d4 Nf6 2. Nf3 c5 3. e3 e6 4. Bd3 d5 5. O-O Bd6 6. dxc5 Bxc5 7. Nc3 Nbd7 8.
e4 dxe4 9. Nxe4 Qc7 10. Nxc5 Nxc5 11. Bc4 O-O 12. Qe2 a6 13. a4 Bd7 14. a5 Bc6
15. Qe5 Qxe5 16. Nxe5 Be4 17. Be3 Rac8 18. Rfc1 Ncd7 19. Nxd7 Nxd7 20. Ra4 Bc6
21. Rb4 Ne5 22. Be2 Rfd8 23. Rd4 Bd5 24. b3 Rc3 25. Bd2 Rcc8 26. Be1 Ng6 27. c4
e5 28. Rd2 Nf4 29. Bf1 Bc6 30. Rcd1 Rxd2 31. Rxd2 Ne6 32. b4 Nd4 33. f4 Be4 34.
fxe5 Nc2 35. Kf2 h6 36. Rd1 Na3 37. Be2 Bf5 38. Bf3 Rb8 39. Bd5 Bg4 40. Rc1 Be6
1-0

[Event "North American Open"]
[Site "Las Vegas"]
[Date "2007.12.27"]
[Round "2"]
[White "Vicary, Elizabeth"]
[Black "Mezentsev, Vladimir"]
[Result "0-1"]
[WhiteElo "2127"]
[BlackElo "2459"]
[PlyCount "88"]
[EventDate "2007.12.??"]
[Source "MonRoi"]

1. e4 c5 2. Nf3 Nc6 3. Bb5 g6 4. Nc3 Nd4 5. Bc4 Bg7 6. O-O d6 7. d3 Nf6 8. Ng5
O-O 9. f4 h6 10. e5 Ne8 11. Nge4 Nc7 12. Ng3 b5 13. Bb3 a5 14. a4 b4 15. Nce4
Nxb3 16. cxb3 dxe5 17. f5 Qd4+ 18. Kh1 Ra6 19. Qf3 gxf5 20. Nxf5 Bxf5 21. Qxf5
Rg6 22. Rf3 Ne6 23. h4 Qd5 24. Be3 Nd4 25. Bxd4 cxd4 26. h5 Rc6 27. Rg3 Qe6 28.
Qf3 Rfc8 29. Nd2 Rc1+ 30. Rxc1 Rxc1+ 31. Kh2 Kh7 32. Nc4 e4 33. dxe4 Bf6 34. e5
Bg5 35. Qd3+ Kg7 36. Qxd4 Qf5 37. e6+ f6 38. Qa7 Qxe6 39. Qf2 Qd5 40. Ne3 Qc5
41. Qe2 Kf8 42. Rf3 Qe5+ 43. g3 Bxe3 44. Rxe3 Qd5 0-1

[Event "North American Open"]
[Site "Las Vegas"]
[Date "2007.12.27"]
[Round "2"]
[White "Friedel, Joshua"]
[Black "Molina Berrera, Gustavo"]
[Result "1-0"]
[WhiteElo "2537"]
[BlackElo "2166"]
[PlyCount "63"]
[EventDate "2007.12.??"]
[Source "MonRoi"]

1. d4 Nf6 2. c4 g6 3. Nc3 Bg7 4. e4 d6 5. Nf3 O-O 6. Be2 Bg4 7. Be3 Nfd7 8. O-O
Nc6 9. d5 Bxf3 10. gxf3 Na5 11. Rc1 b6 12. b4 Nb7 13. f4 e5 14. dxe6 fxe6 15.
Bg4 Qe7 16. Nd5 exd5 17. Qxd5+ Kh8 18. Qxb7 Nf6 19. Bf3 Rab8 20. Qc6 Rbe8 21.
Rce1 Nd7 22. Bg2 Bc3 23. Rb1 a5 24. bxa5 Bxa5 25. Qxc7 Rc8 26. Qb7 Rxc4 27.
Rbc1 Rc5 28. Bh3 Rh5 29. Qxd7 Qxe4 30. Rc7 Bc3 31. Rxc3 Rxf4 32. Rc8+ 1-0

[Event "North American Open"]
[Site "Las Vegas"]
[Date "2007.12.27"]
[Round "3"]
[White "Shabalov, Alexander"]
[Black "Garcia, Gildardo"]
[Result "1-0"]
[WhiteElo "2689"]
[BlackElo "2512"]
[PlyCount "79"]
[EventDate "2007.12.??"]
[Source "MonRoi"]

1. e4 c5 2. Nf3 d6 3. d4 cxd4 4. Nxd4 Nf6 5. Nc3 a6 6. Be2 e5 7. Nb3 Be7 8. O-O
Be6 9. f4 Qc7 10. a4 Nbd7 11. a5 O-O 12. Kh1 b5 13. axb6 Qxb6 14. Na5 exf4 15.
Nd5 Bxd5 16. exd5 Ne4 17. Qe1 Rfe8 18. Nc4 Qd4 19. Bxf4 Qxd5 20. Bf3 Qxc4 21.
Qxe4 Rac8 22. c3 Qb5 23. Qc2 Bf8 24. Be4 Qh5 25. g4 Qh4 26. Bg3 Qh3 27. g5 Rc7
28. Rae1 Ne5 29. Bd5 g6 30. Qf2 Ree7 31. Bxe5 dxe5 32. c4 Qd7 33. Qf3 Qd6 34.
Qe4 Bg7 35. Re2 h6 36. gxh6 Bxh6 37. Ref2 Bf4 38. Rg2 Kg7 39. Re2 Rc8 40. Rxf4
1-0

[Event "North American Open"]
[Site "Las Vegas"]
[Date "2007.12.27"]
[Round "3"]
[White "Yap, Nicolas"]
[Black "Mitkov, Nikola"]
[Result "1/2-1/2"]
[WhiteElo "2282"]
[BlackElo "2590"]
[PlyCount "92"]
[EventDate "2007.12.??"]
[Source "MonRoi"]

1. e4 e5 2. Nf3 Nc6 3. Bb5 Nf6 4. O-O Nxe4 5. d4 Nd6 6. Bxc6 dxc6 7. dxe5 Nf5
8. Qxd8+ Kxd8 9. Nc3 Bd7 10. b3 h6 11. Bb2 Kc8 12. Rfd1 b6 13. h3 Ne7 14. Ne2
Ng6 15. c4 c5 16. Nc3 Be6 17. Rd2 Kb7 18. Rad1 Ne7 19. Ne2 g5 20. Ng3 Nc6 21.
Bc3 a6 22. Nf1 Bg7 23. g4 Rae8 24. Ng3 Bf8 25. Nh5 Kc8 26. Kg2 Rd8 27. Rxd8+
Nxd8 28. Nf6 Nc6 29. Kg3 b5 30. Nd5 Bg7 31. Ne3 Re8 32. h4 gxh4+ 33. Kxh4 Ne7
34. Kg3 Rg8 35. Nh4 Bf8 36. Kf3 h5 37. gxh5 Bh6 38. Nhg2 Nf5 39. Nxf5 Bxf5 40.
Ne3 Be6 41. Ke2 bxc4 42. bxc4 Kb7 43. Rf1 Rg5 44. Rh1 Rg8 45. Rf1 Rg5 46. Rh1
Rg8 1/2-1/2

[Event "North American Open"]
[Site "Las Vegas"]
[Date "2007.12.27"]
[Round "3"]
[White "Critelli, James"]
[Black "Khachiyan, Melikset"]
[Result "1/2-1/2"]
[WhiteElo "2372"]
[BlackElo "2594"]
[PlyCount "41"]
[EventDate "2007.12.??"]
[Source "MonRoi"]

1. e4 c5 2. Nc3 Nc6 3. Bb5 e5 4. Bxc6 dxc6 5. d3 Ne7 6. Be3 Ng6 7. Nge2 Bd6 8.
Qd2 O-O 9. O-O Be6 10. b3 h6 11. a4 b6 12. Kh1 Qf6 13. f4 exf4 14. Nxf4 Nxf4
15. Bxf4 Bxf4 16. Rxf4 Qe5 17. Raf1 a6 18. Nd1 b5 19. Ne3 bxa4 20. bxa4 Rab8
21. Nf5 1/2-1/2

[Event "North American Open"]
[Site "Las Vegas"]
[Date "2007.12.27"]
[Round "3"]
[White "Kraai, Jesse"]
[Black "Dougherty, Michael"]
[Result "1-0"]
[WhiteElo "2570"]
[BlackElo "2293"]
[PlyCount "29"]
[EventDate "2007.12.??"]
[Source "MonRoi"]

1. Nf3 c5 2. c4 Nf6 3. g3 Nc6 4. Bg2 d5 5. cxd5 Nxd5 6. d4 e6 7. O-O Be7 8.
dxc5 Bxc5 9. e4 Ndb4 10. Qxd8+ Nxd8 11. Nc3 Nd3 12. Na4 Nxc1 13. Nxc5 Ne2+ 14.
Kh1 b6 15. Nb3 1-0

[Event "North American Open"]
[Site "Las Vegas"]
[Date "2007.12.28"]
[Round "4"]
[White "Pruess, David"]
[Black "Sevillano, Enrico"]
[Result "1/2-1/2"]
[WhiteElo "2457"]
[BlackElo "2594"]
[PlyCount "132"]
[EventDate "2007.12.??"]
[Source "MonRoi"]

1. e4 e5 2. Nf3 Nc6 3. Bb5 a6 4. Ba4 Nf6 5. O-O b5 6. Bb3 Be7 7. d4 d6 8. c3
O-O 9. h3 Bd7 10. Nbd2 Kh8 11. Re1 h6 12. Nf1 Nh7 13. Ng3 Ng5 14. Nh2 Nh7 15.
dxe5 Nxe5 16. Nf5 Bf6 17. f4 Ng6 18. Qh5 Ne7 19. Bxf7 Nxf5 20. exf5 Bxf5 21.
Bd5 c6 22. Bb3 d5 23. Be3 Be4 24. Ng4 Qe8 25. Qxe8 Raxe8 26. g3 h5 27. Nxf6
Nxf6 28. Bc5 Rg8 29. a4 Bf5 30. axb5 axb5 31. Kg2 Be4+ 32. Kh2 Nd7 33. Bd4 Ra8
34. g4 c5 35. Bf2 c4 36. Rxa8 Rxa8 37. Bd1 Ra2 38. Re2 hxg4 39. hxg4 Nf6 40. g5
Nh5 41. Bg3 g6 42. Rf2 Ng7 43. Bg4 Ra1 44. Kh3 Kg8 45. Rd2 Ra2 46. Be1 Kf7 47.
Kg3 Ke7 48. Bf2 Kd6 49. Bd4 Nf5+ 50. Bxf5 Bxf5 51. Kf3 Ra1 52. Ke3 Bd3 53. b4
Re1+ 54. Kf2 Rf1+ 55. Kg3 Be4 56. Ra2 Rf3+ 57. Kg4 Rd3 58. Ra6+ Kd7 59. Ra7+
Kc6 60. f5 Bxf5+ 61. Kf4 Be4 62. Ra6+ Kc7 63. Ra7+ Kc6 64. Ra6+ Kc7 65. Ra7+
Kc6 66. Ra6+ Kc7 1/2-1/2

[Event "North American Open"]
[Site "Las Vegas"]
[Date "2007.12.28"]
[Round "4"]
[White "Mitkov, Nikola"]
[Black "Mikhailuk, Slava"]
[Result "1-0"]
[WhiteElo "2590"]
[BlackElo "2433"]
[PlyCount "39"]
[EventDate "2007.12.??"]
[Source "MonRoi"]

1. e4 c5 2. Nc3 d6 3. f4 Nc6 4. Nf3 g6 5. Bc4 Bg7 6. O-O e6 7. d3 Nge7 8. Qe1
O-O 9. Bb3 d5 10. f5 d4 11. f6 Bxf6 12. e5 Bg7 13. Ne4 Nxe5 14. Nxe5 Bxe5 15.
Bg5 Qc7 16. Nf6+ Kg7 17. Bh6+ Kh8 18. Qh4 Rg8 19. Bf8 h5 20. Qg5 1-0

[Event "North American Open"]
[Site "Las Vegas"]
[Date "2007.12.28"]
[Round "4"]
[White "Garcia, Gildardo"]
[Black "Yap, Nicolas"]
[Result "1-0"]
[WhiteElo "2512"]
[BlackElo "2282"]
[PlyCount "75"]
[EventDate "2007.12.??"]
[Source "MonRoi"]

1. e4 c5 2. Nf3 d6 3. d4 cxd4 4. Nxd4 Nf6 5. Nc3 a6 6. Bg5 e6 7. f4 Be7 8. Qf3
Qc7 9. O-O-O Nbd7 10. Be2 b5 11. Bxf6 Nxf6 12. e5 Bb7 13. exf6 Bxf3 14. Bxf3
Bxf6 15. Bxa8 d5 16. Bc6+ Kf8 17. Nce2 g6 18. a4 b4 19. Rhf1 Kg7 20. g4 Rc8 21.
g5 Be7 22. h4 Qb6 23. a5 Qxa5 24. Kb1 Qb6 25. Ba4 Kg8 26. h5 Bf8 27. hxg6 hxg6
28. f5 gxf5 29. g6 Rd8 30. gxf7+ Kxf7 31. Nf4 Rd6 32. Bb3 Bg7 33. Ndxe6 Be5 34.
Nxd5 Rxd5 35. Rxd5 Qe3 36. Rxf5+ Bf6 37. Rd1 Ke7 38. Nf4 1-0

[Event "North American Open"]
[Site "Las Vegas"]
[Date "2007.12.28"]
[Round "4"]
[White "Akopian, Robert"]
[Black "Ortiz, Eduardo"]
[Result "1-0"]
[WhiteElo "2170"]
[BlackElo "2331"]
[PlyCount "77"]
[EventDate "2007.12.??"]
[Source "MonRoi"]

1. e4 c5 2. Nf3 Nc6 3. d4 cxd4 4. Nxd4 Nf6 5. Nc3 e5 6. Ndb5 d6 7. Bg5 a6 8.
Na3 b5 9. Bxf6 gxf6 10. Nd5 f5 11. Bd3 Be6 12. O-O Bg7 13. Qh5 f4 14. c4 O-O
15. cxb5 Nd4 16. bxa6 f5 17. Nc2 Nxc2 18. Bxc2 Bxd5 19. exd5 e4 20. Rab1 Rxa6
21. a4 Be5 22. b4 Ra7 23. Bd1 Rg7 24. Kh1 Qf6 25. Rb3 Rg5 26. Qh3 Rg6 27. Bh5
Rh6 28. g4 f3 29. g5 Qxg5 30. Rg1 Qxg1+ 31. Kxg1 Kh8 32. b5 Rg8+ 33. Kf1 Rg5
34. b6 Bd4 35. b7 Ba7 36. b8=Q+ Bxb8 37. Rxb8+ Kg7 38. Rb7+ Kf6 39. Qh4 1-0

[Event "North American Open"]
[Site "Las Vegas"]
[Date "2007.12.28"]
[Round "5"]
[White "Shabalov, Alexander"]
[Black "Ibragimov, Ildar"]
[Result "1-0"]
[WhiteElo "2689"]
[BlackElo "2670"]
[PlyCount "79"]
[EventDate "2007.12.??"]
[Source "MonRoi"]

1. e4 e5 2. Nf3 Nc6 3. Bb5 a6 4. Ba4 Nf6 5. O-O Be7 6. Re1 b5 7. Bb3 d6 8. c3
O-O 9. h3 Na5 10. Bc2 c5 11. d4 Qc7 12. Nbd2 Bd7 13. Nf1 Nc4 14. Ng3 cxd4 15.
cxd4 Rac8 16. Re2 exd4 17. Nxd4 g6 18. b3 Ne5 19. Bb2 Rfe8 20. Qd2 Rcd8 21. Rc1
Qb6 22. Kh1 b4 23. Bb1 Rc8 24. Rd1 Rcd8 25. Rc1 Rc8 26. Rf1 Nc6 27. Ndf5 Bxf5
28. exf5 d5 29. fxg6 hxg6 30. Nf5 d4 31. Qg5 Nh7 32. Qg4 Bf8 33. Nxd4 Nxd4 34.
Rxe8 Rxe8 35. Bxd4 Bc5 36. Bb2 Rd8 37. Qf4 Bd4 38. Bc1 Nf6 39. Bd3 Nd5 40. Qg3
1-0

[Event "North American Open"]
[Site "Las Vegas"]
[Date "2007.12.28"]
[Round "5"]
[White "Akobian, Varuzhan"]
[Black "Mitkov, Nikola"]
[Result "1-0"]
[WhiteElo "2665"]
[BlackElo "2590"]
[PlyCount "39"]
[EventDate "2007.12.??"]
[Source "MonRoi"]

1. d4 Nf6 2. c4 e6 3. Nc3 Bb4 4. Qc2 O-O 5. e4 d5 6. e5 Ne4 7. Bd3 c5 8. cxd5
exd5 9. Nge2 cxd4 10. Nxd4 Qc7 11. O-O Bxc3 12. bxc3 Qxe5 13. Re1 Qh5 14. Ba3
Re8 15. c4 Bd7 16. cxd5 Nf6 17. Rxe8+ Nxe8 18. Nf5 Na6 19. Re1 Nac7 20. Qc5 1-0

[Event "North American Open"]
[Site "Las Vegas"]
[Date "2007.12.28"]
[Round "5"]
[White "Mezentsev, Vladimir"]
[Black "Becerra, Julio"]
[Result "1/2-1/2"]
[WhiteElo "2459"]
[BlackElo "2633"]
[PlyCount "83"]
[EventDate "2007.12.??"]
[Source "MonRoi"]

1. e4 e5 2. Nf3 Nc6 3. Bc4 Nf6 4. d3 Be7 5. Nbd2 d6 6. c3 O-O 7. Bb3 Na5 8. Bc2
c5 9. Nf1 Nc6 10. Ng3 h6 11. O-O Be6 12. h3 Rc8 13. Qe2 Re8 14. Nh2 d5 15. f4
c4 16. f5 cxd3 17. Bxd3 dxe4 18. Nxe4 Bd5 19. Ng4 Nxe4 20. Bxe4 Bxe4 21. Qxe4
h5 22. Ne3 Bc5 23. Kh1 Rc7 24. b4 Bf8 25. Rd1 Rd7 26. Bb2 Rd2 27. a3 a6 28. c4
Rd4 29. Qf3 Rxd1+ 30. Rxd1 Qg5 31. Qe4 Qf4 32. Qxf4 exf4 33. Nd5 Re4 34. c5 Ne7
35. Nxe7+ Bxe7 36. Bd4 Re2 37. f6 gxf6 38. Kg1 Kf8 39. Kf1 Ra2 40. Rd3 f5 41.
Rb3 Rc2 42. Rc3 1/2-1/2

[Event "North American Open"]
[Site "Las Vegas"]
[Date "2007.12.28"]
[Round "5"]
[White "Sevillano, Enrico"]
[Black "Shmelov, Denys"]
[Result "1/2-1/2"]
[WhiteElo "2594"]
[BlackElo "2393"]
[PlyCount "131"]
[EventDate "2007.12.??"]
[Source "MonRoi"]

1. e4 e6 2. d4 d5 3. e5 c5 4. c3 Nc6 5. Nf3 Qb6 6. Bd3 cxd4 7. cxd4 Bd7 8. O-O
Nxd4 9. Nxd4 Qxd4 10. Nc3 Qxe5 11. Re1 Qb8 12. Nxd5 Bd6 13. Qh5 Kf8 14. Nc3 Nf6
15. Qh4 Bc6 16. Bg5 Nd5 17. Nxd5 Bxd5 18. Be4 Bxe4 19. Rxe4 h6 20. Rd1 Kg8 21.
Be7 g5 22. Bxd6 gxh4 23. Bxb8 Rxb8 24. Rxh4 Kg7 25. Rg4+ Kf6 26. Rd7 e5 27. g3
Rhg8 28. Rc4 Rgc8 29. Rcc7 Rxc7 30. Rxc7 a5 31. Kg2 h5 32. Kf3 Ke6 33. h4 b5
34. Rc6+ Kf5 35. Rh6 f6 36. Rxh5+ Kg6 37. g4 Rc8 38. Rf5 Rc2 39. h5+ Kg7 40. g5
fxg5 41. Kg4 Rxb2 42. Kxg5 Rb1 43. Rxe5 Rg1+ 44. Kf5 Rg2 45. f4 Rxa2 46. Rxb5
a4 47. Rb6 a3 48. Rg6+ Kh7 49. Ra6 Kg7 50. Rg6+ Kh7 51. Rg3 Kh6 52. Re3 Kg7 53.
Ke5 Rh2 54. Rxa3 Rxh5+ 55. f5 Rh6 56. Ra7+ Kf8 57. Rd7 Ra6 58. Rh7 Kg8 59. Re7
Kf8 60. Re6 Ra7 61. Kf6 Rf7+ 62. Kg6 Rg7+ 63. Kh6 Rg1 64. Rf6+ Ke7 65. Rg6 Rf1
66. Kg5 1/2-1/2

[Event "North American Open"]
[Site "Las Vegas"]
[Date "2007.12.28"]
[Round "5"]
[White "Kraai, Jesse"]
[Black "Kretchetov, Alex"]
[Result "1/2-1/2"]
[WhiteElo "2570"]
[BlackElo "2376"]
[PlyCount "46"]
[EventDate "2007.12.??"]
[Source "MonRoi"]

1. Nf3 Nf6 2. c4 c6 3. Nc3 d5 4. cxd5 cxd5 5. d4 Nc6 6. Bf4 Ne4 7. e3 Nxc3 8.
bxc3 g6 9. Rb1 Bg7 10. c4 O-O 11. Qd2 b6 12. cxd5 Qxd5 13. Rc1 Bb7 14. Bc4 Qa5
15. Qxa5 Nxa5 16. Be2 Rac8 17. O-O Rfd8 18. Bc7 Rd7 19. Bg3 Rdd8 20. h3 e6 21.
Bc7 Rd7 22. Bg3 Rdd8 23. Bc7 Rd7 1/2-1/2

[Event "North American Open"]
[Site "Las Vegas"]
[Date "2007.12.28"]
[Round "5"]
[White "Acon, Jennifer"]
[Black "Ortiz, Eduardo"]
[Result "0-1"]
[WhiteElo "1834"]
[BlackElo "2331"]
[PlyCount "94"]
[EventDate "2007.12.??"]
[Source "MonRoi"]

1. e4 c5 2. Nf3 Nc6 3. Bb5 g6 4. c3 Bg7 5. O-O e5 6. Qe2 Nge7 7. Na3 O-O 8. Nc4
d6 9. Ne3 d5 10. d3 d4 11. Nc4 a6 12. Bxc6 Nxc6 13. a4 Be6 14. cxd4 Bxc4 15.
dxc4 cxd4 16. Rd1 Qe7 17. b3 Rfd8 18. Ne1 f5 19. Ba3 Qh4 20. f3 Bh6 21. Bc1
fxe4 22. Qxe4 Qxe4 23. fxe4 Be3+ 24. Kh1 Rf8 25. Nf3 Rf4 26. Bxe3 dxe3 27. Rd3
Rxe4 28. Re1 e2 29. Kg1 Rf4 30. Re3 e4 31. Ng5 Nd4 32. Rxe4 Rxe4 33. Nxe4 Kg7
34. Nc3 Re8 35. Kf2 Rf8+ 36. Kg1 Re8 37. Kf2 Nxb3 38. Rxe2 Rf8+ 39. Ke1 Rf7 40.
Re4 Nc5 41. Rd4 Re7+ 42. Kf2 h5 43. Kf3 Kh6 44. Rd5 Rc7 45. Re5 Nb3 46. Nd5
Rxc4 47. Nf4 Rxa4 0-1

[Event "North American Open"]
[Site "Las Vegas"]
[Date "2007.12.29"]
[Round "6"]
[White "Garcia, Gildardo"]
[Black "Pruess, David"]
[Result "0-1"]
[WhiteElo "2512"]
[BlackElo "2457"]
[PlyCount "84"]
[EventDate "2007.12.??"]
[Source "MonRoi"]

1. e4 e6 2. d4 d5 3. e5 c5 4. c3 Nc6 5. Nf3 Qc7 6. Na3 a6 7. Nc2 f6 8. Bf4 Nge7
9. h4 cxd4 10. cxd4 Ng6 11. Bd2 fxe5 12. h5 Nge7 13. dxe5 Nxe5 14. Nxe5 Qxe5+
15. Be2 Nc6 16. Bc3 Qg5 17. h6 Bd7 18. Qd3 O-O-O 19. f4 Qg6 20. Qxg6 hxg6 21.
h7 g5 22. g3 gxf4 23. gxf4 e5 24. fxe5 Bf5 25. Nd4 Nxd4 26. Bxd4 Bb4+ 27. Kf2
Rxh7 28. Bg4 Rxh1 29. Bxf5+ Kc7 30. Rxh1 Rf8 31. Rh5 g6 32. Rh7+ Kc6 33. Rg7
gxf5 34. Kf3 Rh8 35. Rg6+ Kc7 36. a3 Be7 37. Rg7 Kd8 38. e6 Rh3+ 39. Kf4 Rh4+
40. Kxf5 Rxd4 41. Rg8+ Kc7 42. Ke5 Rh4 0-1

[Event "North American Open"]
[Site "Las Vegas"]
[Date "2007.12.29"]
[Round "6"]
[White "Becerra, Julio"]
[Black "Andrews, Todd"]
[Result "1-0"]
[WhiteElo "2633"]
[BlackElo "2358"]
[PlyCount "89"]
[EventDate "2007.12.??"]
[Source "MonRoi"]

1. e4 e6 2. d4 d5 3. Nc3 Bb4 4. e5 c5 5. a3 Bxc3+ 6. bxc3 Qc7 7. Qg4 f5 8. Qg3
cxd4 9. cxd4 Ne7 10. Bd2 Nbc6 11. Nf3 O-O 12. Bd3 Bd7 13. O-O Be8 14. a4 Bh5
15. Ng5 Qd7 16. Rfb1 Bg6 17. c3 Na5 18. Nh3 Rac8 19. Nf4 Nc4 20. Bc1 Bf7 21. h4
Kh8 22. h5 Ng8 23. a5 Rc7 24. Bxc4 Rxc4 25. Ba3 Rfc8 26. Bc5 Nh6 27. Ra3 Ra4
28. Rab3 Rxa5 29. Rxb7 Qe8 30. Re7 Qg8 31. f3 Rb8 32. Rxb8 Qxb8 33. Nxe6 Qb1+
34. Kh2 Ng4+ 35. fxg4 Ra1 36. Qf2 Qh1+ 37. Kg3 Rc1 38. Bb4 Bg8 39. Nxg7 Rf1 40.
Nxf5 Rxf2 41. Kxf2 Qc1 42. Rxa7 Qf4+ 43. Kg1 h6 44. Be7 Bf7 45. Bf6+ 1-0

[Event "North American Open"]
[Site "Las Vegas"]
[Date "2007.12.29"]
[Round "6"]
[White "Kretchetov, Alex"]
[Black "Sevillano, Enrico"]
[Result "1-0"]
[WhiteElo "2376"]
[BlackElo "2594"]
[PlyCount "83"]
[EventDate "2007.12.??"]
[Source "MonRoi"]

1. Nf3 Nf6 2. c4 e6 3. Nc3 d5 4. d4 Ne4 5. g3 Bb4 6. Bd2 Nxd2 7. Qxd2 dxc4 8.
Bg2 Nd7 9. O-O O-O 10. Qc2 Rb8 11. Rfd1 b5 12. a4 a6 13. axb5 axb5 14. d5 e5
15. b3 cxb3 16. Qxb3 Bd6 17. Nxb5 Nc5 18. Qc4 Ba6 19. Rxa6 Nxa6 20. Na7 Nb4 21.
Nc6 Nxc6 22. dxc6 Qe7 23. Nd2 Bb4 24. Nb3 Rfd8 25. Bd5 g6 26. Kg2 Kg7 27. e4
Ra8 28. Rd3 Rf8 29. g4 Bd6 30. Rg3 Kh8 31. Nd2 Rab8 32. Nf3 Rb2 33. Qc1 Ba3 34.
Qh6 Qc5 35. Nd2 Rg8 36. Rf3 Rg7 37. Nc4 Ra2 38. Nxe5 Bc1 39. Qh4 g5 40. Qh6 Bf4
41. Nxf7+ Rxf7 42. Bxf7 1-0

[Event "North American Open"]
[Site "Las Vegas"]
[Date "2007.12.29"]
[Round "6"]
[White "Mitkov, Nikola"]
[Black "Mezentsev, Vladimir"]
[Result "1/2-1/2"]
[WhiteElo "2590"]
[BlackElo "2459"]
[PlyCount "119"]
[EventDate "2007.12.??"]
[Source "MonRoi"]

1. e4 c5 2. Nc3 g6 3. Nf3 Bg7 4. d4 cxd4 5. Nxd4 Nc6 6. Be3 Nf6 7. Bc4 O-O 8.
Bb3 d6 9. h3 Bd7 10. O-O Na5 11. Re1 Rc8 12. Qd3 a6 13. Nd5 e5 14. Nxf6+ Qxf6
15. Ne2 Nxb3 16. axb3 d5 17. c3 d4 18. cxd4 Bb5 19. Qd2 Bxe2 20. dxe5 Qxe5 21.
Rxe2 Qb5 22. Ra5 Qxb3 23. Rd5 Rfe8 24. f3 Bf6 25. Bg5 Qb6+ 26. Kh1 Bxg5 27.
Qxg5 Red8 28. Rxd8+ Qxd8 29. Qe3 Qc7 30. Re1 Qc5 31. Qd2 Qb6 32. Rd1 Rc5 33.
Qh6 Qc7 34. Qe3 Rc2 35. e5 Qc5 36. Qg5 Qb6 37. Kh2 Rc8 38. Rd7 Qxb2 39. Qe7 Qb3
40. Rd6 Qe3 41. Qf6 Re8 42. f4 Qe4 43. Rd7 Qf5 44. Qxf5 gxf5 45. Rxb7 Ra8 46.
Rb4 a5 47. Ra4 f6 48. e6 Kg7 49. g4 Kg6 50. Kg3 fxg4 51. hxg4 f5 52. gxf5+ Kxf5
53. e7 Kf6 54. Rxa5 Re8 55. Ra6+ Kf5 56. Ra7 Kf6 57. Ra6+ Kf5 58. Ra5+ Kf6 59.
Kg4 Rxe7 60. Ra6+ 1/2-1/2

[Event "North American Open"]
[Site "Las Vegas"]
[Date "2007.12.29"]
[Round "6"]
[White "Shmelov, Denys"]
[Black "Kraai, Jesse"]
[Result "1/2-1/2"]
[WhiteElo "2393"]
[BlackElo "2570"]
[PlyCount "36"]
[EventDate "2007.12.??"]
[Source "MonRoi"]

1. d4 Nf6 2. c4 e6 3. Nc3 Bb4 4. f3 O-O 5. e4 d5 6. cxd5 exd5 7. e5 Nfd7 8. a3
Bxc3+ 9. bxc3 f6 10. exf6 Qe8+ 11. Qe2 Nxf6 12. Qxe8 Nxe8 13. Ne2 Nd6 14. Bf4
Rd8 15. Ng3 Nc6 16. Bd3 Be6 17. Kf2 Bf7 18. Nf5 Bg6 1/2-1/2